<?xml version="1.0" encoding="UTF-8"?><?xml-stylesheet type="text/xsl" href="static/style.xsl"?><OAI-PMH xmlns="http://www.openarchives.org/OAI/2.0/" xmlns:xsi="http://www.w3.org/2001/XMLSchema-instance" xsi:schemaLocation="http://www.openarchives.org/OAI/2.0/ http://www.openarchives.org/OAI/2.0/OAI-PMH.xsd"><responseDate>2026-06-01T09:02:55Z</responseDate><request verb="GetRecord" identifier="oai:riuma.uma.es:10630/8169" metadataPrefix="marc">https://riuma.uma.es/rest/oai/request</request><GetRecord><record><header><identifier>oai:riuma.uma.es:10630/8169</identifier><datestamp>2026-02-03T11:13:01Z</datestamp><setSpec>com_10630_2254</setSpec><setSpec>col_10630_37953</setSpec></header><metadata><record xmlns="http://www.loc.gov/MARC21/slim" xmlns:dcterms="http://purl.org/dc/terms/" xmlns:doc="http://www.lyncode.com/xoai" xmlns:xsi="http://www.w3.org/2001/XMLSchema-instance" xsi:schemaLocation="http://www.loc.gov/MARC21/slim http://www.loc.gov/standards/marcxml/schema/MARC21slim.xsd">
   <leader>00925njm 22002777a 4500</leader>
   <datafield ind2=" " ind1=" " tag="042">
      <subfield code="a">dc</subfield>
   </datafield>
   <datafield ind2=" " ind1=" " tag="720">
      <subfield code="a">Ferrer-Urbano, Francisco Javier</subfield>
      <subfield code="e">author</subfield>
   </datafield>
   <datafield ind2=" " ind1=" " tag="720">
      <subfield code="a">Kruse, Peter M.</subfield>
      <subfield code="e">author</subfield>
   </datafield>
   <datafield ind2=" " ind1=" " tag="720">
      <subfield code="a">Chicano-García, José-Francisco</subfield>
      <subfield code="e">author</subfield>
   </datafield>
   <datafield ind2=" " ind1=" " tag="720">
      <subfield code="a">Alba-Torres, Enrique</subfield>
      <subfield code="e">author</subfield>
   </datafield>
   <datafield ind2=" " ind1=" " tag="260">
      <subfield code="c">2014-10-03</subfield>
   </datafield>
   <datafield ind2=" " ind1=" " tag="520">
      <subfield code="a">The generation of dynamic test sequences from a formal specification, complementing traditional testing methods in order to find errors in the source code.&#xd;
&#xd;
Objective&#xd;
In this paper we extend one specific combinatorial test approach, the Classification Tree Method (CTM), with transition information to generate test sequences. Although we use CTM, this extension is also possible for any combinatorial testing method.&#xd;
&#xd;
Method&#xd;
The generation of minimal test sequences that fulfill the demanded coverage criteria is an NP-hard problem. Therefore, search-based approaches are required to find such (near) optimal test sequences.&#xd;
&#xd;
Results&#xd;
The experimental analysis compares the search-based technique with a greedy algorithm on a set of 12 hierarchical concurrent models of programs extracted from the literature. Our proposed search-based approaches (GTSG and ACOts) are able to generate test sequences by finding the shortest valid path to achieve full class (state) and transition coverage.&#xd;
&#xd;
Conclusion&#xd;
The extended classification tree is useful for generating of test sequences. Moreover, the experimental analysis reveals that our search-based approaches are better than the greedy deterministic approach, especially in the most complex instances. All presented algorithms are actually integrated into a professional tool for functional testing.</subfield>
   </datafield>
   <datafield ind1="8" ind2=" " tag="024">
      <subfield code="a">DOI: 10.1016/j.infsof.2014.07.014</subfield>
   </datafield>
   <datafield ind1="8" ind2=" " tag="024">
      <subfield code="a">http://hdl.handle.net/10630/8169</subfield>
   </datafield>
   <datafield tag="653" ind2=" " ind1=" ">
      <subfield code="a">Algoritmos genéticos</subfield>
   </datafield>
   <datafield ind2="0" ind1="0" tag="245">
      <subfield code="a">Search based algorithms for test sequence generation in functional testing</subfield>
   </datafield>
</record>
</metadata></record></GetRecord></OAI-PMH>